<?xml version="1.0" encoding="UTF-8"?>
<record
    xmlns:xsi="http://www.w3.org/2001/XMLSchema-instance"
    xsi:schemaLocation="http://www.loc.gov/MARC21/slim http://www.loc.gov/standards/marcxml/schema/MARC21slim.xsd"
    xmlns="http://www.loc.gov/MARC21/slim">

  <leader>01288nam a22002537a 4500</leader>
  <controlfield tag="005">20170124103202.0</controlfield>
  <datafield tag="010" ind1=" " ind2=" ">
    <subfield code="a">B-076628</subfield>
  </datafield>
  <datafield tag="020" ind1=" " ind2=" ">
    <subfield code="c">250.00</subfield>
  </datafield>
  <datafield tag="035" ind1=" " ind2=" ">
    <subfield code="a">B-076628</subfield>
  </datafield>
  <datafield tag="037" ind1=" " ind2=" ">
    <subfield code="b">Cen Lib/Ret</subfield>
  </datafield>
  <datafield tag="040" ind1=" " ind2=" ">
    <subfield code="a">DPL</subfield>
    <subfield code="b">HN</subfield>
  </datafield>
  <datafield tag="082" ind1=" " ind2=" ">
    <subfield code="a">591</subfield>
    <subfield code="b">&#x938;&#x915;&#x94D;&#x938;&#x947;&#x928;&#x93E; </subfield>
  </datafield>
  <datafield tag="100" ind1=" " ind2=" ">
    <subfield code="a">&#x938;&#x915;&#x94D;&#x938;&#x947;&#x928;&#x93E;, &#x90F;&#x938;.&#x90F;&#x92E;.</subfield>
    <subfield code="9">92071</subfield>
  </datafield>
  <datafield tag="245" ind1=" " ind2=" ">
    <subfield code="a">&#x91C;&#x902;&#x924;&#x941; &#x935;&#x93F;&#x91C;&#x94D;&#x91E;&#x93E;&#x928; :</subfield>
    <subfield code="c">&#x90F;&#x938;.&#x90F;&#x92E; &#x938;&#x915;&#x94D;&#x938;&#x947;&#x928;&#x93E; </subfield>
    <subfield code="b">&#x92A;&#x94D;&#x930;&#x93E;&#x923;&#x93F;&#x92F;&#x94B;&#x902; &#x915;&#x93E; &#x91C;&#x940;&#x935;&#x928; &#x90F;&#x935;&#x902; &#x935;&#x93F;&#x937;&#x92E;&#x924;&#x93E;&#x92F;&#x947;&#x902; &#x924;&#x925;&#x93E; &#x915;&#x94B;&#x936;&#x93F;&#x915; &#x90F;&#x935;&#x902; &#x92A;&#x930;&#x93F;&#x935;&#x930;&#x94D;&#x927;&#x928; &#x91C;&#x948;&#x935;&#x93F;&#x915;&#x940; /</subfield>
  </datafield>
  <datafield tag="246" ind1=" " ind2=" ">
    <subfield code="a">Jantu vigyan : praniyion ka jeevan evam vishmtayen tatha koshika evam parivardhan jaiviki /</subfield>
    <subfield code="b">by M.M. saksena </subfield>
  </datafield>
  <datafield tag="260" ind1=" " ind2=" ">
    <subfield code="a">&#x906;&#x917;&#x930;&#x93E; </subfield>
    <subfield code="b">&#x930;&#x93E;&#x92E; &#x92A;&#x94D;&#x930;&#x938;&#x93E;&#x926; &#x90F;&#x902;&#x921; &#x938;&#x902;&#x938; </subfield>
    <subfield code="c">2003</subfield>
  </datafield>
  <datafield tag="270" ind1=" " ind2=" ">
    <subfield code="b">&#x906;&#x917;&#x930;&#x93E; </subfield>
    <subfield code="a">&#x905;&#x938;&#x94D;&#x92A;&#x924;&#x93E;&#x932; &#x930;&#x94B;&#x921; </subfield>
    <subfield code="e">3 </subfield>
  </datafield>
  <datafield tag="300" ind1=" " ind2=" ">
    <subfield code="a">884&#x92A;&#x943;.:</subfield>
    <subfield code="c">22&#x938;&#x947;&#x92E;&#x940;(&#x938;&#x91C;&#x93F;&#x932;&#x94D;&#x926; ) </subfield>
    <subfield code="b">&#x938;&#x91A;&#x93F;&#x924;&#x94D;&#x930; </subfield>
  </datafield>
  <datafield tag="650" ind1=" " ind2=" ">
    <subfield code="a">&#x91C;&#x902;&#x924;&#x941; &#x935;&#x93F;&#x91C;&#x94D;&#x91E;&#x93E;&#x928; </subfield>
    <subfield code="x"> </subfield>
    <subfield code="z"> </subfield>
    <subfield code="9">59924</subfield>
  </datafield>
  <datafield tag="650" ind1=" " ind2=" ">
    <subfield code="a">&#x91C;&#x902;&#x924;&#x941; &#x935;&#x93F;&#x91C;&#x94D;&#x91E;&#x93E;&#x928;--&#x907;&#x924;&#x93F;&#x939;&#x93E;&#x938; &#x90F;&#x935;&#x902; &#x935;&#x930;&#x94D;&#x917;&#x940;&#x915;&#x930;&#x923; </subfield>
    <subfield code="9">92072</subfield>
  </datafield>
  <datafield tag="650" ind1=" " ind2=" ">
    <subfield code="a">Zoology</subfield>
    <subfield code="9">92073</subfield>
  </datafield>
  <datafield tag="650" ind1=" " ind2=" ">
    <subfield code="a">Zoology - History and classification</subfield>
    <subfield code="9">92074</subfield>
  </datafield>
  <datafield tag="942" ind1=" " ind2=" ">
    <subfield code="2">ddc</subfield>
    <subfield code="c">HN</subfield>
    <subfield code="h">591</subfield>
    <subfield code="m">&#x938;&#x915;&#x94D;&#x938;&#x947;&#x928;&#x93E; </subfield>
  </datafield>
  <datafield tag="999" ind1=" " ind2=" ">
    <subfield code="c">120711</subfield>
    <subfield code="d">120711</subfield>
  </datafield>
  <datafield tag="952" ind1=" " ind2=" ">
    <subfield code="0">0</subfield>
    <subfield code="1">0</subfield>
    <subfield code="4">0</subfield>
    <subfield code="7">0</subfield>
    <subfield code="a">L</subfield>
    <subfield code="b">L</subfield>
    <subfield code="d">2015-09-28</subfield>
    <subfield code="e">Cen Lib/Ref</subfield>
    <subfield code="g">250.00</subfield>
    <subfield code="l">4</subfield>
    <subfield code="o">591 &#x938;&#x915;&#x94D;&#x938;&#x947;&#x928;&#x93E;</subfield>
    <subfield code="p">B-076628</subfield>
    <subfield code="r">2023-10-18 00:00:00</subfield>
    <subfield code="s">2023-08-07</subfield>
    <subfield code="t">1</subfield>
    <subfield code="v">250.00</subfield>
    <subfield code="w">2015-09-28</subfield>
    <subfield code="y">HN</subfield>
  </datafield>
</record>
